| 000 | 00813nam a2200217Ia 4500 | ||
|---|---|---|---|
| 001 | 11880 | ||
| 003 | GE_BSU | ||
| 008 | 181216s||||||||xx |||||||||||||| ||und|| | ||
| 040 | _cGE_BSU | ||
| 080 | _a551.442(075.8) | ||
| 100 | _aმარუაშვილი ლ. | ||
| 245 | _aმღვიმეთმცოდნეობის საფუძვლები | ||
| 245 | _bსახელმძღვანელო სტუდენტებისათვის | ||
| 245 | _cრედ: ზ. ტინტილოზოვი | ||
| 260 | _aთბილისი | ||
| 260 | _bთბილისის უნ-ტის გამ-ბა. | ||
| 260 | _c1973 | ||
| 300 | _a365გვ.22სმ. | ||
| 653 | _aმღვიმეთმცოდნეობის საფუძვლები | ||
| 942 | _cBK | ||
| 999 |
_c45057 _d45057 |
||